Statistics for Reggaeton Singers and their Intros

Click here to take the quiz!

General Stats

  • This quiz has been taken 554 times
  • The average score is 7 of 11

Answer Stats

IntroSinger% Correct
FonsiLuis Fonsi
96%
N-I-C-KNicky Jam
93%
D-YDaddy Yankee
90%
Mr World WidePitbull
82%
El negrito ojos clarosOzuna
80%
The last Don o ¡Don!Don Omar
70%
La Z y la LZion & Lennox
63%
Pretty Boy o Dirty BoyMaluma
61%
Doble VWisin
48%
La maravillaArcangel
36%
K-RKevin Roldan
26%

Score Distribution

Percentile by Number Answered

Percent of People with Each Score

Your Score History

You have not taken this quiz